Ciencias sociales 8 /

Guardado en:
Autor Principal: Bertoncello, Rodolfo
Otros Autores: Musa, Marcelo, Valle, Graciela M.
Formato: Libro
Publicado: Buenos Aires : Santillana , 1998
Series:Santillana Egb
Materias:
Etiquetas: Agregar Etiqueta
Sin Etiquetas, Sea el primero en etiquetar este registro!
LEADER 02109nam a22002895a 4500
001 CEM.cems009731
005 20080228091818.0
008 130507s1998##################000#0#####d
003 CEMS
020 |a 9504605273 
082 0 4 |a Z302 
100 1 |a Bertoncello, Rodolfo 
245 1 0 |a Ciencias sociales 8 /  |c Rodolfo Bertoncello, Marcelo Musa y Graciela M. Valle 
260 |a Buenos Aires :  |b Santillana ,  |c 1998 
300 |a 384 p. 
490 0 |a Santillana Egb 
500 |a Para 8°año egb 
505 0 |a América: sus lugares y su gente -- Las bases naturales -- América latina y sus habitantes -- América latina: recursos, ambientes y problemáticas --Trabajo y condiciones de vida -- Una mirada a sus lugares -- América anglosajona y sus habitantes -- América anglosajona: recursos, ambientes y problemáticas -- Estados Unidos y Canadá: trabajo y condiciones de vida -- Estados Unidos y Canadá: una mirada a sus lugares -- Riesgos y vulnerabilidades de las sociedades americanas -- América en el mundo actual -- La crisis del feudalismo -- El Renacimiento -- Desarrollo europeo y expansión ultramarina -- Imperios y monarquías en el siglo XVI -- América y Europa: encuentro y conquista -- Los imperios coloniales en América -- El absolutismo: el esplendor y sus límites -- La vida social y económica en el siglo XVII -- La Ilustración: renovación política e intelectual -- La Revolución industrial -- La Revolución francesa -- Tiempo de revoluciones en América -- La restauración monárquica en Europa -- La Europa victoriana -- Los nuevos estados americanos -- Los adolescentes, la escuela y la comunidad -- La cultura y los medios de comunicación -- Democracia y ciudadanía -- Los derechos humanos 
653 |a América 
653 |a Geografía de américa 
653 |a América y europa 
653 |a Historia de américa 
653 |a Formación ética 
700 1 |a Musa, Marcelo 
700 1 |a Valle, Graciela M. 
859 |a CEMS  |b BIB. CEMS - 11 de abril  |h Z302  |i B462  |p 20021.98  |t Ej.1  |v 8º  |3 8º 
859 |a CEMS  |b BIB. CEMS - 11 de abril  |h Z302  |i B462  |p 26132.11  |t Ej.2  |v 8º  |3 8º